| 000 | 01011nam a2200241Ia 4500 | ||
|---|---|---|---|
| 001 | Para_9881 | ||
| 008 | 220602s9999 xx 000 0 und d | ||
| 020 | _a978 - 84 - 282 - 1443 - 3 | ||
| 082 | _aPA 581.4 E94 2006 | ||
| 100 |
_aEvert, Ray F. _939000 |
||
| 245 | _aEsau Anatomía vegetal: Meristemas, células y tejidos de las plantas: su estructura, función y desarrollo / Ray F. Evert; traducción Ma. Jesús Fortes Fortes | ||
| 250 | _a3 | ||
| 260 | _aEspaña : Omega | ||
| 300 | _a614 p. | ||
| 500 | _aIncluye referencias bibliográficas e índice \ Título original: Esau's plant anatomy: Meristems, cell, and tissues of the plant body - Their structure, function, and development | ||
| 650 |
_aPlantas - Anatomía \ Morfología vegetal \ Citología e histología vegetal _9185083 |
||
| 700 |
_aFortes Fortes, Ma. Jesús, tr.Ì _9185084 |
||
| 901 | _aPA 581.4 E94 2006 | ||
| 902 | _aM | ||
| 905 | _a5232202006 a 8000000300 06 | ||
| 942 | _c1 | ||
| 999 |
_c217248 _d217248 |
||